Series of Unfortunate Events Quiz Stats

 Plays Quiz Updated Mar 18, 2020

Support Sporcle.
Go Orange.
Score 0/13 Timer 03:00
1 Play Today
Book Title % Correct
FirstThe Bad Beginning
85.9%
ThirteenthThe End
75.8%
SecondThe Reptile Room
74.2%
ThirdThe Wide Window
67.5%
SixthThe Ersatz Elevator
62%
TenthThe Slippery Slope
61.2%
FifthThe Austere Academy
58.3%
SeventhThe Vile Village
55.8%
FourthThe Miserable Mill
54.9%
TwelvthThe Penultimate Peril
54.2%
NinthThe Carnivorous Carnival
52.9%
EighthThe Hostile Hospital
50%
EleventhThe Grim Grotto
47.6%

From the Vault

Key Players of the Watergate Scandal

by rockgolf

History 18m
40 years after Richard Nixon resigned, Watergate is still remembered.
Remove Ads.
Support Sporcle.
Get the best of Sporcle when you Go Orange. This ad-free experience offers more features, more stats, and more fun while also helping to support Sporcle. Thank you for becoming a member.

Show Comments

Extras

Top Quizzes Today


Score Distribution

Your Account Isn't Verified!

In order to create a playlist on Sporcle, you need to verify the email address you used during registration. Go to your Sporcle Settings to finish the process.

Report this User

Report this user for behavior that violates our Community Guidelines.

Details: